| Поле | Название | Значение |
| |
Тип записи |
a |
| |
Библиографический уровень |
m |
| 001 |
Контрольный номер |
RU\infra-m\znanium\bibl\2235123 |
| 005 |
Дата корректировки |
20260429142210.9 |
| 008 |
Кодируемые данные |
260120s2025 RU g rus u |
| 020 |
Индекс ISBN |
__ |
| a |
ISBN |
978-5-91671-990-1 |
| 040 |
Источник каталогиз. |
__ |
| a |
Служба первич. каталог. |
Общество с ограниченной ответственностью «ЗНАНИУМ» |
| 041 |
Код языка издания |
__ |
| a |
Код языка текста |
rus |
| 044 |
Код страны публикации |
__ |
| a |
Код страны публикации |
RU |
| 080 |
Индекс УДК |
__ |
| a |
Индекс УДК |
94 |
| 084 |
Индекс другой классификации/Индекс ББК |
__ |
| 2 |
Источник индекса |
rubbk |
| a |
Индекс другой классификации/Индекс ББК |
6330 |
| 100 |
Автор |
__ |
| a |
Автор |
Роган Ю. |
| q |
Полное имя |
Роган Юджин |
| u |
Дополнение |
Оксфордский университет |
| 245 |
Заглавие |
__ |
| a |
Заглавие |
Арабы: история XVI-XXI вв. |
| b |
Продолж. заглавия |
Научно-популярная литература |
| c |
Ответственность |
Оксфордский университет |
| 250 |
Сведения об издании |
__ |
| a |
Основные сведения об издании |
1 |
| 260 |
Выходные данные |
__ |
| a |
Место издания |
Москва |
| b |
Издательство |
ООО "Альпина нон-фикшн" |
| c |
Дата издания |
2026 |
| 300 |
Физическое описание |
__ |
| a |
Объем |
784 с. |
| 520 |
Аннотация |
__ |
| a |
Аннотация |
Арабские революции 2011 года застали мировое сообщество врасплох. После десятилетий стабильности под властью автократических режимов арабский мир казалось бы неожиданно оказался в вихре стремительных и радикальных перемен. Между тем нет более верного способа предсказать будущее чем вглядеться в прошлое. Именно по этому пути пошел выдающийся британский историк Юджин Роган. Его книга описывает историю арабских государств Северной Африки Плодородного полумесяца и Аравийского полуострова начиная с XVI века. Особый интерес представляет подробный рассказ о поворотных моментах в истории арабского мира в XX веке. В своей работе автор опирается на широчайший спектр арабских источников в том числе на многочисленные свидетельства очевидцев: историков интеллектуалов политиков журналистов писателей обычных мужчин и женщин. Благодаря этому мы не просто узнаем историю арабского мира но получаем возможность взглянуть на нее глазами самих арабов — людей которые творили ее. Книга адресована всем кто интересуется прошлым и настоящим арабских стран и хочет понять истоки тех значимых событий которые происходят на Ближнем Востоке и во всем арабском мире сегодня. |
| 521 |
Примеч. о цел. назн. |
__ |
| a |
Примеч. о целев. назн. |
Дополнительное профессиональное образование |
| 650 |
Тематические рубрики |
__ |
| a |
Основная рубрика |
История. Исторические науки |
| x |
Основная подрубрика |
История частей света, отдельных стран и регионов |
| 655 |
Указ. предметных рубрик (устаревшее) |
__ |
| a |
Жанр/ форма (устаревшее) |
Научно-популярная литература |
| 856 |
Электронный адрес документа |
4_ |
| a |
Имя сервера/домена |
znanium.ru |
| m |
Помощь |
ebs_support@infra-m.ru |
| n |
Местонахождение сервера |
НИЦ ИНФРА-М |
| u |
URL |
https://znanium.ru/catalog/document?id=473504 |
| 856 |
Электронный адрес документа |
48 |
| a |
Имя сервера/домена |
znanium.ru |
| d |
Путь |
/cover/2235 |
| f |
Электронное имя |
2235123.jpg |
| q |
Тип электронного формата |
image/jpeg |
| u |
URL |
https://znanium.ru/cover/2235/2235123.jpg |
| 911 |
|
__ |
| u |
|
0030=https://znanium.ru/catalog/document?id=473504 |